| 000 | 01370cam a22003374a 4500 | ||
|---|---|---|---|
| 999 |
_c27120 _d27120 |
||
| 001 | 13765956 | ||
| 005 | 20170207122250.0 | ||
| 008 | 041029s2005 ohua 001 0 eng | ||
| 010 | _a 2004025700 | ||
| 020 | _a1581805950 (pbk. : alk. paper) | ||
| 035 | _a(OCoLC)ocm56894559 | ||
| 037 |
_a1240897 _bQBI |
||
| 050 | 0 | 0 | _aNC730 .L57 2005 |
| 100 | 1 |
_aLittle, Ruth Glenn, _d1943- |
|
| 245 | 1 | 0 |
_aDraw now : _b30 easy exercises for beginners / _cRuth Glenn Little. |
| 246 | 3 | 0 | _a30 easy exercises for beginners |
| 246 | 3 | _aThirty easy exercises for beginners | |
| 246 | 3 | 0 | _aEasy exercises for beginners |
| 250 | _a1st ed. | ||
| 260 |
_aCincinnati, Ohio : _bNorth Light Books, _cc2005. |
||
| 300 |
_a95 p. : _bill. ; _c28 cm. |
||
| 500 | _aIncludes index. | ||
| 650 | 0 |
_aDrawing _xTechnique. |
|
| 856 | 4 | 1 |
_3Table of contents _uhttp://www.loc.gov/catdir/toc/ecip053/2004025700.html |
| 942 |
_2lcc _cBOOKS |
||